Statistics for Teams that have beated the New Zealand All Blacks.

Click here to take the quiz!

General Stats

  • This quiz has been taken 30 times
    (5 since last reset)
  • The average score is 9 of 11

Answer Stats

PlayedWinsLastTeams% Correct
169452020 Australia
100%
105392023 South Africa
100%
4282019 England
100%
3652022 Ireland
100%
3531953 Wales
100%
62132021 France
100%
3422022 Argentina
60%
1122009 Barbarian F.C.
60%
4172017 British and Irish Lions
60%
411981 French Barbarians
60%
511949 Southern Rhodesia /Zimbabwe
20%

Score Distribution

Percentile by Number Answered

Percent of People with Each Score

Your Score History

You have not taken this quiz since the last reset